000
00253nam a2200097Ia 4500
008
230915s9999 xx 000 0 und d
050
_a
QD 79.I5 .S26 2007 C.2
100
_a
SKOOG DOUGLAS A.
245
0
_a
PRINCIPLES OF INSTRUMENTAL ANALYSIS
942
_c
BK
999
_c
190286
_d
190286